Contemporary marketing / (Record no. 344572)
[ view plain ]
| 000 -LEADER | |
|---|---|
| fixed length control field | 01542 a2200217 4500 |
| 020 ## - INTERNATIONAL STANDARD BOOK NUMBER | |
| International Standard Book Number | 0324185103 |
| 020 ## - INTERNATIONAL STANDARD BOOK NUMBER | |
| International Standard Book Number | 9780324185102 |
| 082 04 - DEWEY DECIMAL CLASSIFICATION NUMBER | |
| Classification number | 380 |
| 090 ## - LOCALLY ASSIGNED LC-TYPE CALL NUMBER (OCLC); LOCAL CALL NUMBER (RLIN) | |
| -- | 2069 |
| -- | 2069 |
| 100 1# - MAIN ENTRY--PERSONAL NAME | |
| Personal name | Boone, Louis E. |
| 245 10 - TITLE STATEMENT | |
| Title | Contemporary marketing / |
| Statement of responsibility, etc. | Louis E. Boone. |
| 250 ## - EDITION STATEMENT | |
| Edition statement | 11th ed. |
| 260 ## - PUBLICATION, DISTRIBUTION, ETC. | |
| Place of publication, distribution, etc. | [S.l.] : |
| Name of publisher, distributor, etc. | South-Western College Pub, |
| Date of publication, distribution, etc. | 2003. |
| 300 ## - PHYSICAL DESCRIPTION | |
| Extent | 624 p. ; |
| Dimensions | 29 cm. |
| 500 ## - GENERAL NOTE | |
| General note | Hardcover. |
| 520 ## - SUMMARY, ETC. | |
| Summary, etc. | Boone and Kurtz’s Contemporary Marketing has proved to be the premier introduction to marketing text and package, edition after edition. With each edition, this best selling author team builds and improves upon past innovations, creating the most technologically advanced, student friendly, instructor supported text available. The eleventh edition continues to provide the most current and up-to-date content by including coverage on the events over the past year, such as the recession, the terrorist attacks on America, and coverage on the ethical disasters such as the Enron scandal. Realizing that students need a solid understanding of how these events apply to marketing the authors integrate this content throughout the new edition. The changes to this edition are so significant, that this new edition is more like a new text than just a revision |
| 700 ## - ADDED ENTRY--PERSONAL NAME | |
| Personal name | Kurtz, David L |
| 856 ## - ELECTRONIC LOCATION AND ACCESS | |
| Materials specified | Amazon.com |
| Uniform Resource Identifier | <a href="http://www.amazon.com/exec/obidos/ASIN/0324185103/chopaconline-2">http://www.amazon.com/exec/obidos/ASIN/0324185103/chopaconline-2</a> |
| 856 ## - ELECTRONIC LOCATION AND ACCESS | |
| Materials specified | Amazon customer reviews |
| Uniform Resource Identifier | <a href="http://www.chopac.org/cgi-bin/tools/azrev.pl?q=032418510">http://www.chopac.org/cgi-bin/tools/azrev.pl?q=032418510</a> |
| 942 ## - ADDED ENTRY ELEMENTS (KOHA) | |
| Institution code [OBSOLETE] | NBS |
| Koha item type | Book |
| Call number prefix | 658.8 BOO |
| Withdrawn status | Lost status | Damaged status | Not for loan | Permanent Location | Current Location | Date acquired | Total Checkouts | Full call number | Barcode | Date last seen | Date last checked out | Price effective from | Koha item type | Source of classification or shelving scheme | Collection code | Shelving location |
|---|---|---|---|---|---|---|---|---|---|---|---|---|---|---|---|---|
| Central Library (CL) | Central Library (CL) | 08/28/2013 | 3 | 658.8 BOO | NBS7115 | 12/29/2015 | 02/10/2015 | 08/28/2013 | Book | |||||||
| Central Library (CL) | Central Library (CL) | 08/17/2015 | 658.8 BOO | NBS6295 | 08/17/2015 | 08/17/2015 | Book | General Stacks |
